| 000 | 00626nam a2200229 4500 | ||
|---|---|---|---|
| 001 | 4502 | ||
| 003 | DO-SdBNP | ||
| 005 | 20180226110224.0 | ||
| 007 | 4502 | ||
| 008 | 160524b 1990 ag |||| 00| 0 spa d | ||
| 040 |
_aBPMSU _bspa _cBPMSU |
||
| 100 | _aColella, Olga | ||
| 245 |
_a¿Qué oyes? / _cOlga Colella ; ilustraciones Marek Mann |
||
| 300 |
_a5 p. : _bil. ; _c19 cm. |
||
| 490 | _a¿Qué hacemos? | ||
| 500 | _aIdeal para niños desde los 2 años | ||
| 700 |
_aMann, Marek _eil. |
||
| 830 | _a¿Qué hacemos? | ||
| 942 |
_2ddc _cBK |
||
| 945 | _aInventariado, 2018 / BT | ||
| 956 |
_aVMATEO _b10 _c20160524 _dBPMSU _f0069 |
||
| 999 |
_c10210 _d10210 |
||